书目信息 |
| 题名: |
现代实用电子学
|
|
| 作者: | 布朗 , Brown 著 ;王庭绍 译 | |
| 分册: | ||
| 出版信息: | 北京 电子工业出版社 1989.6 |
|
| 页数: | 369页 | |
| 开本: | 26cm | |
| 丛书名: | ||
| 单 册: | ||
| 中图分类: | TN7 , TN01 | |
| 科图分类: | ||
| 主题词: | 电子学 , 无线电电子学--理论 , 通信技术--理论 | |
| 电子资源: | ||
| ISBN: | 7-5053-0531-X | |
| 000 | 00904nam0 2200313 45 | |
| 001 | 0189013859 | |
| 005 | 20040520103306.5 | |
| 010 | @a7-5053-0531-X@dCNY8.50 | |
| 020 | @aCN@b89013859 | |
| 100 | @a19910304d1989 m y0chiy0120 ea | |
| 101 | 1 | @achi@ceng |
| 102 | @aCN@b110000 | |
| 105 | @ay z 000yy | |
| 106 | @ar | |
| 200 | 10 | @a现代实用电子学@Axian dai shi yong dian zi xue@f(美)布 朗(Brown,P.B.)等著@F( mei ) bu lang (Brown,P.B.) deng zhu@g王庭绍等译 |
| 210 | @a北京@c电子工业出版社@d1989.6 | |
| 215 | @a369页@d26cm | |
| 300 | @a本书著者原题无汉译名 | |
| 540 | 1 | @a电子学@Adian zi xue |
| 606 | @a电子学 | |
| 606 | 0 | @a无线电电子学@x理论 |
| 606 | 0 | @a通信技术@x理论 |
| 690 | @aTN7@v3 | |
| 690 | @aTN01 | |
| 701 | 1 | @a布朗@Abu lang@bP.B.@4著 |
| 701 | A1 | @aBrown@bP.B.@4著 |
| 702 | 0 | @a王庭绍@Awang ting shao@4译 |
| 801 | 0 | @aCN@bNLC@c19910304 |
| 905 | @f1@b226518@dTN01@e41 | |
| 现代实用电子学/(美)布 朗(Brown,P.B.)等著/王庭绍等译.-北京:电子工业出版社,1989.6 |
| 369页;26cm |
| 本书著者原题无汉译名 |
| ISBN 7-5053-0531-X:CNY8.50 |
| ● |
| 相关链接 |
|
|
|
|
正题名:现代实用电子学
索取号:TN01/41
 
预约/预借
| 序号 | 登录号 | 条形码 | 馆藏地/架位号 | 状态 | 备注 |
| 1 | 0226518 | 001348839 | 第三借阅区/ [索取号:TN01/41] | 在馆 | |
| 2 | 0226519 | 001349268 | 第二样本阅览室/ [索取号:TN01/41] | 在馆 |